000 00273nam a2200121Ia 4500
005 20251222155201.0
008 251222s9999||||xx |||||||||||||| ||spa||
082 _aREL.167
100 _aBARDANELLO TOSI,Lore.
245 0 _aSalud y Vida
264 _bNo tiene
942 _cLIB
999 _c39945
_d39945